000 02412cam a22003854a 4500
001 13203334
003 BD-DhCDI
005 20260209053559.0
008 030519s2003 ilu b 000 0 eng
010 _a 2003011300
020 _a007141858X
035 _a13203334
040 _aDLC
_cDLC
_dDLC
042 _apcc
050 0 0 _aHM1166
_b.L68 2003
082 0 0 _a302.2
_223
_bLOH 1999
100 1 _aLowndes, Leil.
_91735
245 1 0 _aHow to talk to anyone :
_b92 little tricks for big success in relationships /
_cLeil Lowndes.
260 _aChicago, Ill. :
_b-
_cc1999.
300 _aix, 287 p. ;
_c21.3 cm.
336 _atext
_btxt
_2rdacontent
337 _aunmediated
_bn
_2rdamedia
338 _avolume
_bnc
_2rdacarrier
504 _aIncludes bibliographical references p. (343-345).
520 _a"You'll not only break the ice, you'll melt it away with your new skills." Larry King "The lost art of verbal communication may be revitalized by Leil Lowndes." Harvey McKay, author of “How to Swim with the Sharks Without Being Eaten Alive” What is that magic quality makes some people instantly loved and respected? Everyone wants to be their friend (or, if single, their lover!) In business, they rise swiftly to the top of the corporate ladder. What is their "Midas touch?" What it boils down to is a more skillful way of dealing with people. The author has spent her career teaching people how to communicate for success. In her book How to Talk to Anyone (Contemporary Books, October 2003) Lowndes offers 92 easy and effective sure fire success techniques she takes the reader from first meeting all the way up to sophisticated techniques used by the big winners in life. In this information packed book you’ll find
650 0 _aInterpersonal communication.
_91736
650 0 _aBody language.
_91737
856 4 2 _3Contributor biographical information
_uhttp://www.loc.gov/catdir/bios/mh042/2003011300.html
856 4 1 _3Table of contents
_uhttp://www.loc.gov/catdir/toc/ecip044/2003011300.html
856 4 2 _3Publisher description
_uhttp://www.loc.gov/catdir/description/mh031/2003011300.html
906 _a7
_bcbc
_corignew
_d1
_eecip
_f20
_gy-gencatlg
942 _2ddc
_cBK
999 _c932
_d932